| 000 | 00779cam a22002531 4500 | ||
|---|---|---|---|
| 001 | med48001384 | ||
| 003 | DLC | ||
| 005 | 20260227111611.0 | ||
| 008 | 750909s1948 xx 000 0 eng | ||
| 010 | _amed48001384 | ||
| 035 | _a(OCoLC)1612123 | ||
| 040 |
_aDLC _cFMU _dDLC |
||
| 042 | _apremarc | ||
| 050 | 0 | 0 |
_aQP36 _b.W533 1948 |
| 082 | _a613 | ||
| 100 | 1 |
_aWilson, Charles Christopher, _d1895- |
|
| 245 | 1 | 0 |
_aLife and health, _cby Charles C. Wilson, John L. Bracken [and] John C. Almack. |
| 260 |
_aIndianapolis, _bBobbs-Merrill Co. _c[1948] |
||
| 300 |
_ax, 565 p. _billus. _c24 cm. |
||
| 500 | _aIncludes "Suggested readings." | ||
| 650 | 0 | _aHygiene. | |
| 700 | 1 |
_aBraken, John Lewis, _d1891- _ejoint author. |
|
| 700 | 1 |
_aAlmack, John Conrad, _d1888- _ejoint author. |
|
| 999 |
_c39025 _d39025 |
||